000 00367cam a22001457a 4500
008 180718b1984 xxu||||| |||| 00| 0 eng d
082 _aQ9 W656
100 _aWilkins, Leslie T.
245 _aConsumerist criminology
_cby Leslie T. Wilkins
260 _aLondon
_bHeinemann
_c1984
300 _a184p.
650 _aCriminals
650 _aCrime
650 _aPunishment
999 _c356448
_d356448